Smlouvy o zamezení dvojího zdanění

Dôvody na uzavretie zmlúv o zamedzení dvojitého zdanenia. Zmluva uzatvorená medzi Českom a Slovenskom, dane, na ktoré sa zmluva vzťahuje.

Na minha lista:
Detalhes bibliográficos
Autor principal: Pfeilerová, Jaroslava
Formato: Capítulo de Livro
Idioma:tcheco
Assuntos:
Tags: Adicionar Tag
Sem tags, seja o primeiro a adicionar uma tag!

MARC

LEADER 00000naa a2200000 4500
001 0198292
005 20230925085902.8
041 0 |a cze 
044 |a CZ 
245 1 0 |a Smlouvy o zamezení dvojího zdanění  |c Jaroslava Pfeilerová 
520 |a Dôvody na uzavretie zmlúv o zamedzení dvojitého zdanenia. Zmluva uzatvorená medzi Českom a Slovenskom, dane, na ktoré sa zmluva vzťahuje. 
610 2 0 |a zdanenie dvojité 
610 2 0 |a Česko 
610 2 0 |a Slovensko 
100 1 |a Pfeilerová, Jaroslava